Регионална библиотека "Любен Каравелов" - Русе

Изгубената кула (Запис номер 134959)

MARC детайли
000 -Лидер
Контролно поле с фиксирана дължина 01401nam a2200313 c 4500
003 - Код на организацията, давaща контролен номер
Контролно поле BLK
005 - Дата и час на последна редакция
Контролно поле 20240303003954.0
008 - Елементи от данни с фиксирана дължина
fixed length control field 180409b bul|||||r ||||||| ||bul||
010 ## - Наследен системен номер
LC control number KNG00140880000
040 ## - Източник на каталожния запис
Идентификатор на билиотеката - собственик на записа BLK
041 ## - Код за език
Код за езика на текст/звукозапис или на отделно заглавие Български
Код за езика КДБФ Български
080 ## - УДК
Текстов определител УДК Българска литература
УДК код - определител по УДК 821.163.2
УДК определител -93-1
УДК - код + определител 821.163.2-93-1
100 ## - Редна дума - Автор
Автор Ганчев, Марко
Автор - информация (биография) Писател и поет, сатирик, преводач от немски и белоруски
Дати, свързани с автора 1932-
Пълна форма на името Маринов, Марко Ганчев
Авторска отговорност първи автор
R(LIN) 267403
139 ## - Редно поле
Редна дума Ганчев, Марко
Авторски знак Ганч - Г 22
245 10 - Сведения за заглавието
Заглавие Изгубената кула
Подзаглавни данни Пет поеми за деца
Редно поле (дума) Марко Ганчев; худож. Георги Анастасов; * Марко Ганчев Маринов.
257 ## - Страна на издаване
Страна на създаване/издаване България
260 ## - Област на издателските данни
-- София
Име на издателя, разпространителя и проч. Отечество
Година на издаване 1984
300 ## - Физическа характеристика
Страници 32 с.
Илюстрации и др. с ил.
Размери/Мащаб 20 см
380 ## - Жанр
Жанр Детска худож. лит.
500 ## - Общи забележки
Забележка 20 115 тир.
700 1# - Други автори (авторска отговорност)
Лично име Анастасов, Георги
Автороска отговорност (Описва отношението между автора и произведението) худож.
9 (RLIN) 364356
700 1# - Други автори (авторска отговорност)
Лично име Маринов, Марко Ганчев
Автороска отговорност (Описва отношението между автора и произведението) *
9 (RLIN) 373605
852 ## - Местоположение
Форматна сигнатура Цб 257830
856 4# - Електронен адрес и достъп
Електронен формат pdf - файл
Път до файла /url/
856 4# - Електронен адрес и достъп
Електронен формат pdf - файл
Път до файла /url/
942 ## - АРТИКУЛИ
Вид на библиотечния материал Книги
Скрит в OPAC Не
944 ## - СЪЗДАВАНЕ И РЕДАКЦИЯ на ЗАПИСА
Създаване/Редакция Създаване
Дата на регистрацията/редакция 15.03.2013
Статус, дата на статуса CRON CRON
Служител, извършил регистрацията/редакцията
944 ## - СЪЗДАВАНЕ И РЕДАКЦИЯ на ЗАПИСА
Създаване/Редакция Редакция
Дата на регистрацията/редакция 13.09.2017
Статус, дата на статуса 15.03.2013 - от С1,Р / 15.03.2013
Служител, извършил регистрацията/редакцията Севдалина_Василева
999 ## - СИСТЕМНИ КОНТРОЛНИ НОМЕРА
Koha biblionumber 134959
Koha biblioitemnumber 134959
Наличности
Код за отписване Код за изгубен артикул Източник на класификационната схема Код за повреда Коз за рестрикции Код за отдаване Артикулен № Име на библиотеката - собственик Име на библиотеката, в която се намира в момента Статус (Текущо местоположение) Дата на вписване в системата Местоположение - отдел Цена в лева Инвентарен номер Систематично азбучна сигнатура Баркод Номер на екземпляра Цена в евро Служебна бележка Служебен тип на артикула Бележка за публиката
  Не е изгубен Universal Decimal Classification Не е повреден без рестрикции ползва се в читалня 220672 Регионална библиотека "Любен Каравелов" Русе Регионална библиотека "Любен Каравелов" Русе Хранилище 1984-01-01 Хранилище 0.25 413316 Цб 257830 120000413316 1 0.13 Дост: Dp Вид: Д N: стар фонд Дата: 01.01.1984 Книги  
Изтеглен Не е изгубен Universal Decimal Classification Не е повреден без рестрикции заемане за дома 220673 Регионална библиотека "Любен Каравелов" Русе Регионална библиотека "Любен Каравелов" Русе Детски отдел 1984-01-01 Детски отдел 0.25 417154 ДХ 886.7/Г 22 417154 2 0.13 Дост: Pk Вид: Ф N: стар фонд Дата: 01.01.1984 Дата инв: 01.09.2015 Бележки инв: Д2015 Книги  
Изтеглен Не е изгубен   Не е повреден без рестрикции заемане за дома 220674 Регионална библиотека "Любен Каравелов" Русе Регионална библиотека "Любен Каравелов" Русе   1984-01-01 Детски отдел 0.25 417155 ДХ 886.7/Г 22 417155 3 0.13 Дост: Pk Вид: Ф N: стар фонд Дата: 01.01.1984 Дата инв: 01.09.2015 Бележки инв: Д2015 Книги Отч.N: 28/2017 , Дата: 16.08.2017
Изтеглен Не е изгубен Universal Decimal Classification Не е повреден без рестрикции заемане за дома 220675 Регионална библиотека "Любен Каравелов" Русе Регионална библиотека "Любен Каравелов" Русе Детски отдел 1984-01-01 Детски отдел 0.25 417156 ДХ 886.7/Г 22 417156 4 0.13 Дост: Pk Вид: Ф N: стар фонд Дата: 01.01.1984 Дата инв: 04.08.2015 Бележки инв: Д2015 Книги  
Vip Innovations Ltd, Rousse, Bulgaria 2025